00000000nam 2200000zi 4500
0019.939562
003CaOODSP
00520250120114248
006m     o  d f      
007cr |n|||||||||
008240620e198203  oncad   ob   f000 0|eng d
040 |aCaOODSP|beng|erda|cCaOODSP
043 |an-cn---
0861 |aCo26-34/1982E-PDF
1001 |aKirby, Mary, |eauthor.
24510|aStudy to develop an economic model of office automation : |bfinal report / |cby Mary Kirby and Roger Hough.
264 1|a[Ottawa] : |bGovernment of Canada, Department of Communications = Gouvernement du Canada, Ministère des Communications, |cMarch 1982.
300 |a1 online resource (vii, 69 pages, 3 unnumbered pages) : |bgraphs, illustrations
336 |atext|btxt|2rdacontent
337 |acomputer|bc|2rdamedia
338 |aonline resource|bcr|2rdacarrier
500 |aDigitized edition from print [produced by Innovation, Science and Economic Development Canada].
500 |aIssued also in French under title: Étude d'un modèle économique de la bureautique : rapport final.
504 |aIncludes bibliographical references (page 69).
650 0|aCommunication in organizations|zCanada.
650 0|aOffice practice|xAutomation|xEconomic aspects|zCanada.
7101 |aCanada. |bDepartment of Communications, |eissuing body.
77508|tÉtude d'un modèle économique de la bureautique : |w(CaOODSP)9.947120
85640|qPDF|s2.27 MB|uhttps://publications.gc.ca/collections/collection_2025/isde-ised/co26/Co26-34-1982-eng.pdf